| 000 | 01096nam a2200313 i 4500 | ||
|---|---|---|---|
| 001 | 196507 | ||
| 003 | ES-MaACL | ||
| 005 | 20241013063048.0 | ||
| 007 | ta | ||
| 008 | 241003b1981 sp ||||| |||| 00| 0 spa d | ||
| 040 |
_bspa _cES-MaACL _dES-MaACL |
||
| 100 |
_9236118 _aGonzález-Esteva, Orlando, _d1952- _eaut |
||
| 245 |
_aCanto a Miguel Hernández / _cOrlando González-Esteva |
||
| 260 |
_a[s.n.] : _b[s.n.], _c1981 |
||
| 300 |
_a20 p. ; _bil. n.; _c30 cm |
||
| 336 |
_2rdacontent _atexto |
||
| 337 |
_2rdamedia _asin mediación |
||
| 338 |
_2rdacarrier _avolumen |
||
| 500 | _aEjemplar mecanografiado | ||
| 600 | 1 | 4 |
_962848 _aHernández, Miguel, _d1910-1942- _vHomenajes |
| 655 | 7 |
_2tgfbne _9176539 _aPoesías |
|
| 655 | 7 |
_2tgfbne _9226850 _aHomenajes |
|
| 852 |
_aES-MaACL _cDEPOF _jFOLL-BUE-16 _hLegado: Antonio Buero Vallejo _9204223 |
||
| 903 |
_932421 _aBuero Vallejo, Antonio, _q1 _d1916-2000 _ednr |
||
| 942 |
_n0 _cFOLLETOS |
||
| 999 |
_c196507 _d196507 |
||